[Event "35th USA-Ch"]
[Site "Long Beach USA"]
[Date "1989.??.??"]
[Round "1"]
[White "Browne, Walter Shawn"]
[Black "Dzindzichashvili, Roman"]
[Result "0-1"]
[WhiteElo "2555"]
[BlackElo "2545"]
[EventDate "1989.11.??"]
[PlyCount "62"]

1.d4 Nf6 2.c4 e6 3.Nf3 b6 4.g3 Bb7 5.Bg2 Bb4+ 6.Nbd2 O-O 7.O-O Bxd2 8.Qxd2
d6 9.b3 Nbd7 10.Bb2 Qe7 11.d5 Ne4 12.Qe3 f5 13.dxe6 Qxe6 14.Nd4 Qf7 15.f3 
Nec5 16.Qg5 h6 17.Qh4 Ne6 18.Bh3 Nxd4 19.Qxd4 Ne5 20.f4 Nc6 21.Qc3 Rae8 
22.Rae1 Re7 23.g4 Rfe8 24.Bg2 Nd8 25.Bxb7 Nxb7 26.gxf5 Re3 27.Qc2 Nc5 28.
Bd4 R3e4 29.e3 Qxf5 30.Re2 Ne6 31.Bb2 Rf8 0-1

[Event "35th USA-Ch"]
[Site "Long Beach USA"]
[Date "1989.??.??"]
[Round "1"]
[White "De Firmian, Nick"]
[Black "Alburt, Lev"]
[Result "1-0"]
[WhiteElo "2595"]
[BlackElo "2530"]
[EventDate "1989.11.??"]
[PlyCount "87"]

1.e4 Nf6 2.e5 Nd5 3.d4 d6 4.Nf3 g6 5.Bc4 Nb6 6.Bb3 Bg7 7.a4 a5 8.Qe2 O-O 
9.h3 Nc6 10.O-O Bf5 11.Re1 Qd7 12.Nbd2 Rad8 13.Ne4 Qc8 14.Ng3 Be6 15.c4 
Nb4 16.Bg5 Rde8 17.d5 Bd7 18.Qd2 f6 19.exf6 exf6 20.Be3 f5 21.Bd4 Rxe1+ 
22.Rxe1 Bxd4 23.Nxd4 Rf7 24.Ne6 Bxa4 25.Bxa4 Nxa4 26.Ng5 Rd7 27.Ra1 b5 28.
b3 Nc5 29.Rxa5 Nba6 30.Rxb5 Re7 31.b4 Nd7 32.Ra5 Ne5 33.Qc3 Qb7 34.b5 Nc5 
35.Kh2 h6 36.Nf3 f4 37.Nxe5 Rxe5 38.Nf1 Qc8 39.Nd2 Qf8 40.Qd4 Re2 41.Ra7 
Qb8 42.b6 Nb7 43.bxc7 Qxc7 44.Ra8+ 1-0

[Event "35th USA-Ch"]
[Site "Long Beach USA"]
[Date "1989.??.??"]
[Round "1"]
[White "Gulko, Boris"]
[Black "Benjamin, Joel"]
[Result "1-0"]
[WhiteElo "2610"]
[BlackElo "2530"]
[EventDate "1989.11.??"]
[PlyCount "87"]

1.d4 Nf6 2.c4 e6 3.Nc3 Bb4 4.Qc2 O-O 5.a3 Bxc3+ 6.Qxc3 b6 7.Bg5 Bb7 8.Nh3 
h6 9.Bh4 d5 10.cxd5 exd5 11.e3 Nbd7 12.f3 c5 13.Bd3 cxd4 14.Qxd4 Nc5 15.
Bc2 Rc8 16.Bxf6 Qxf6 17.Qxf6 gxf6 18.O-O-O Rfe8 19.Kd2 Ba6 20.Nf4 Re5 21.
Rhe1 Rce8 22.g4 Kf8 23.Nh5 R5e6 24.Ng3 Nd7 25.f4 Nc5 26.Nf5 Bc4 27.Rc1 a5 
28.Nxh6 a4 29.Nf5 b5 30.h4 Rb6 31.h5 Reb8 32.h6 Kg8 33.Rg1 Kh8 34.g5 fxg5 
35.Rxg5 Rd8 36.Rh1 Rf6 37.Nd4 Ne6 38.Nxe6 Rxe6 39.Bf5 Rf6 40.Kc3 Re8 41.
Kd4 Be2 42.h7 Rc6 43.Rhg1 Rc4+ 44.Kxd5 1-0

[Event "35th USA-Ch"]
[Site "Long Beach USA"]
[Date "1989.??.??"]
[Round "1"]
[White "Gurevich, Dmitry"]
[Black "Dlugy, Maxim"]
[Result "0-1"]
[WhiteElo "2490"]
[BlackElo "2530"]
[EventDate "1989.11.??"]
[PlyCount "52"]

1.c4 c5 2.Nc3 g6 3.Nf3 Bg7 4.d4 cxd4 5.Nxd4 Nc6 6.Nb3 b6 7.e4 d6 8.Bd2 Nf6
9.Be2 O-O 10.O-O Bb7 11.Be3 Rc8 12.a4 Nb4 13.f3 e6 14.a5 d5 15.axb6 axb6 
16.Ra4 Qe7 17.Bxb6 dxc4 18.Ba5 Nc6 19.Bxc4 Nxa5 20.Nxa5 Nh5 21.Qe1 Ra8 22.
Nxb7 Bxc3 23.Qxc3 Rxa4 24.g4 Nf4 25.b3 Rxc4 26.bxc4 Ne2+ 0-1

[Event "35th USA-Ch"]
[Site "Long Beach USA"]
[Date "1989.??.??"]
[Round "1"]
[White "Ivanov, Alexander"]
[Black "Rachels, Stuart"]
[Result "1/2-1/2"]
[WhiteElo "2460"]
[BlackElo "2385"]
[EventDate "1989.11.??"]
[PlyCount "71"]

1.e4 c5 2.Nf3 Nc6 3.d4 cxd4 4.Nxd4 Nf6 5.Nc3 d6 6.Bg5 e6 7.Qd2 Be7 8.O-O-O
Nxd4 9.Qxd4 O-O 10.f4 Qa5 11.Bc4 Bd7 12.e5 dxe5 13.fxe5 Bc6 14.Bd2 Nd7 15.
Nd5 Qd8 16.Nxe7+ Qxe7 17.Rhe1 Rfd8 18.Qg4 Nf8 19.Bd3 Rxd3 20.cxd3 Qd7 21.
Re3 Qd5 22.Kb1 Ng6 23.Bc3 Qxg2 24.Qxg2 Bxg2 25.Rg3 Bc6 26.Rdg1 Rd8 27.Kc2 
Rd7 28.b3 Kh8 29.Rg4 Ne7 30.Rd4 Bd5 31.Rf4 Nf5 32.Kd2 Bc6 33.a4 h6 34.Rxf5
exf5 35.Rxg7 Rxd3+ 36.Kxd3 1/2-1/2

[Event "35th USA-Ch"]
[Site "Long Beach USA"]
[Date "1989.??.??"]
[Round "1"]
[White "Ivanov, Igor"]
[Black "Kudrin, Sergey"]
[Result "1/2-1/2"]
[WhiteElo "2505"]
[BlackElo "2570"]
[EventDate "1989.11.??"]
[PlyCount "29"]

1.d4 Nf6 2.c4 e6 3.Nc3 Bb4 4.Qc2 O-O 5.Nf3 c5 6.dxc5 Na6 7.Bf4 Nxc5 8.e3 
Nce4 9.Bd3 Nxc3 10.bxc3 Bc5 11.O-O d6 12.Rfd1 h6 13.Be2 Qc7 14.Bg3 e5 15.
Nd2 1/2-1/2

[Event "35th USA-Ch"]
[Site "Long Beach USA"]
[Date "1989.??.??"]
[Round "1"]
[White "Miles, Anthony Jonathan"]
[Black "Seirawan, Yasser"]
[Result "1/2-1/2"]
[WhiteElo "2580"]
[BlackElo "2585"]
[EventDate "1989.11.??"]
[PlyCount "106"]

1.Nf3 d5 2.g3 c5 3.Bg2 Nc6 4.d4 Nf6 5.O-O e6 6.c4 dxc4 7.dxc5 Qxd1 8.Rxd1 
Bxc5 9.Nbd2 Ng4 10.Ne4 Be7 11.Nd6+ Bxd6 12.Rxd6 Ke7 13.Rd1 Rd8 14.Rxd8 
Kxd8 15.Bd2 e5 16.Rc1 e4 17.Ng5 e3 18.fxe3 Nge5 19.Nf3 f6 20.Nxe5 Nxe5 21.
Ba5+ Ke7 22.Bc7 Nc6 23.Rxc4 Be6 24.Ra4 Rc8 25.Bxc6 Rxc7 26.Be4 Rc4 27.Rxc4
Bxc4 28.b3 Ba6 29.Kf2 h6 30.Bd3 Kd6 31.a3 b5 32.Kf3 Bb7+ 33.Kf4 b4 34.axb4
Ke7 35.Kf5 Bc8+ 36.Kg6 Kf8 37.Bc4 Bg4 38.e4 Bd7 39.Bd5 Bg4 40.e3 Bd7 41.
Bc4 Bg4 42.h4 Bd7 43.Be2 Be6 44.Bd1 Bd7 45.g4 Be8+ 46.Kh7 Bc6 47.Bc2 Kf7 
48.Bd3 Bd7 49.e5 fxe5 50.Bg6+ Kf8 51.Bf5 Bc6 52.Bd3 Bd7 53.Bf5 Bc6 1/2-1/2

[Event "35th USA-Ch"]
[Site "Long Beach USA"]
[Date "1989.??.??"]
[Round "1"]
[White "Rohde, Michael"]
[Black "Fedorowicz, John"]
[Result "1/2-1/2"]
[WhiteElo "2550"]
[BlackElo "2560"]
[EventDate "1989.11.??"]
[PlyCount "69"]

1.d4 Nf6 2.Nf3 g6 3.c4 Bg7 4.Nc3 O-O 5.e4 d6 6.Be2 e5 7.O-O Nc6 8.Be3 Ng4 
9.Bg5 f6 10.Bc1 Nh6 11.dxe5 dxe5 12.h3 Nf7 13.c5 Be6 14.Qa4 Kh8 15.Bc4 Qc8
16.Bd5 Ncd8 17.Bxe6 Nxe6 18.c6 bxc6 19.Qxc6 f5 20.Be3 Nd6 21.Rad1 Qe8 22.
Qd5 Rd8 23.Bg5 c6 24.Qa5 Nxg5 25.Nxg5 h6 26.Qc7 Rf6 27.Nf3 Rf7 28.Qa5 Rfd7
29.Qa4 Rb7 30.Rfe1 Rxb2 31.Qxa7 Nxe4 32.Nxe4 fxe4 33.Rxd8 Qxd8 34.Rxe4 Qd3
35.Qa8+ 1/2-1/2

[Event "35th USA-Ch"]
[Site "Long Beach USA"]
[Date "1989.??.??"]
[Round "2"]
[White "Alburt, Lev"]
[Black "Gurevich, Dmitry"]
[Result "1-0"]
[WhiteElo "2530"]
[BlackElo "2490"]
[EventDate "1989.11.??"]
[PlyCount "50"]

1.d4 Nf6 2.c4 e6 3.g3 c5 4.d5 exd5 5.cxd5 d6 6.Nc3 g6 7.Nf3 Bg7 8.Bg2 O-O 
9.O-O Na6 10.h3 Bd7 11.e4 Qc8 12.Bf4 Bxh3 13.Bxd6 Bxg2 14.Kxg2 Re8 15.Re1 
Qd7 16.e5 Ng4 17.Ne4 Rad8 18.Rc1 b6 19.e6 fxe6 20.dxe6 Rxe6 21.Nfg5 Nxf2 
22.Qb3 Nxe4 23.Rxe4 Qxd6 24.Rd1 Bd4 25.Nxe6 Kh8 1-0

[Event "35th USA-Ch"]
[Site "Long Beach USA"]
[Date "1989.??.??"]
[Round "2"]
[White "Benjamin, Joel"]
[Black "Rohde, Michael"]
[Result "1-0"]
[WhiteElo "2530"]
[BlackElo "2550"]
[EventDate "1989.11.??"]
[PlyCount "101"]

1.Nf3 Nf6 2.c4 c5 3.Nc3 b6 4.e4 d6 5.d4 cxd4 6.Nxd4 Bb7 7.Bd3 g6 8.O-O Bg7
9.Bg5 Nbd7 10.Re1 a6 11.Bf1 h6 12.Bh4 O-O 13.Qd2 Nc5 14.f3 e5 15.Bxf6 Bxf6
16.Nc2 Bg5 17.Qf2 f5 18.exf5 Rxf5 19.Nd5 Bxd5 20.cxd5 Qf6 21.b4 Na4 22.Ne3
Rf4 23.Ng4 Rxg4 24.fxg4 Qxf2+ 25.Kxf2 Nc3 26.Bd3 Kg7 27.g3 Bd2 28.a3 Rf8+ 
29.Kg2 Bxe1 30.Rxe1 a5 31.bxa5 bxa5 32.Rc1 Nxd5 33.Rc6 Ne3+ 34.Kh3 Rf6 35.
Be4 Nd1 36.Kh4 Ne3 37.g5 hxg5+ 38.Kxg5 Nf5 39.Rc7+ Rf7 40.Rxf7+ Kxf7 41.
Bxf5 gxf5 42.Kxf5 Kg7 43.g4 Kh6 44.a4 Kg7 45.g5 Kf7 46.h4 Kg7 47.h5 Kh7 
48.h6 Kh8 49.g6 Kg8 50.Kf6 e4 51.h7+ 1-0

[Event "35th USA-Ch"]
[Site "Long Beach USA"]
[Date "1989.??.??"]
[Round "2"]
[White "Dlugy, Maxim"]
[Black "Miles, Anthony Jonathan"]
[Result "1/2-1/2"]
[WhiteElo "2530"]
[BlackElo "2580"]
[EventDate "1989.11.??"]
[PlyCount "75"]

1.d4 Nc6 2.Nf3 d6 3.e4 Nf6 4.Nc3 Bg4 5.Be2 e6 6.d5 exd5 7.exd5 Bxf3 8.Bxf3
Ne5 9.Be2 Be7 10.Be3 O-O 11.f4 Ned7 12.Qd2 Nc5 13.Bf3 Qd7 14.O-O-O Rae8 
15.Bd4 Bd8 16.Rhe1 Rxe1 17.Rxe1 Re8 18.g4 Rxe1+ 19.Qxe1 h6 20.h3 a6 21.Qe3
Qe7 22.Qxe7 Bxe7 23.b4 Ncd7 24.Kd2 Nh7 25.Be4 Bf6 26.Bf2 g6 27.Ne2 Nb6 28.
Kd3 Na4 29.Kc4 Nb2+ 30.Kb3 Nd1 31.Be1 Bg7 32.c4 Nf6 33.Bf3 Nd7 34.Nc1 Ne3 
35.Bf2 Bd4 36.Ne2 Bb6 37.Be1 g5 38.Bc3 1/2-1/2

[Event "35th USA-Ch"]
[Site "Long Beach USA"]
[Date "1989.??.??"]
[Round "2"]
[White "Fedorowicz, John"]
[Black "Ivanov, Alexander"]
[Result "1-0"]
[WhiteElo "2560"]
[BlackElo "2460"]
[EventDate "1989.11.??"]
[PlyCount "77"]

1.c4 e5 2.Nc3 Nc6 3.g3 g6 4.Bg2 Bg7 5.d3 Nge7 6.e3 a6 7.Nge2 O-O 8.Rb1 Rb8
9.b4 b5 10.cxb5 axb5 11.a4 bxa4 12.b5 Na7 13.Qxa4 Bb7 14.e4 Nac8 15.Ba3 
Nb6 16.Qb3 d6 17.O-O Qd7 18.f4 c5 19.bxc6 Bxc6 20.fxe5 dxe5 21.Kh1 Rb7 22.
Qa2 Nbc8 23.Rxb7 Bxb7 24.Qb3 Bc6 25.Nd5 Bxd5 26.exd5 Rd8 27.Nc3 Nf5 28.Bc5
Ncd6 29.Ra1 Nd4 30.Qb6 Nc8 31.Qb1 Qc7 32.Bb4 Qb8 33.Ba5 Qxb1+ 34.Rxb1 Re8 
35.Ne4 f5 36.d6 fxe4 37.d7 Rf8 38.Rb8 Bf6 39.dxc8=Q 1-0

[Event "35th USA-Ch"]
[Site "Long Beach USA"]
[Date "1989.??.??"]
[Round "2"]
[White "Kudrin, Sergey"]
[Black "Gulko, Boris"]
[Result "1/2-1/2"]
[WhiteElo "2570"]
[BlackElo "2610"]
[EventDate "1989.11.??"]
[PlyCount "30"]

1.e4 e5 2.Nf3 Nc6 3.Bc4 Nf6 4.d3 Bc5 5.c3 d6 6.O-O O-O 7.Bb3 a6 8.Nbd2 Ba7
9.h3 h6 10.Re1 Nh5 11.Nf1 Qf6 12.Be3 Nf4 13.Ng3 g6 14.Nh2 h5 15.Ne2 Bxe3 
1/2-1/2

[Event "35th USA-Ch"]
[Site "Long Beach USA"]
[Date "1989.??.??"]
[Round "2"]
[White "Rachels, Stuart"]
[Black "Browne, Walter Shawn"]
[Result "1-0"]
[WhiteElo "2385"]
[BlackElo "2555"]
[EventDate "1989.11.??"]
[PlyCount "74"]

1.e4 c5 2.Nf3 d6 3.d4 cxd4 4.Nxd4 Nf6 5.Nc3 a6 6.a4 e6 7.Be2 Be7 8.O-O O-O
9.f4 Qc7 10.Kh1 Nc6 11.Be3 Re8 12.Bf3 Bd7 13.Nb3 b6 14.g4 Bc8 15.g5 Nd7 
16.Bg2 Rb8 17.Qh5 g6 18.Qh3 Nb4 19.f5 Ne5 20.Nd4 exf5 21.exf5 Bb7 22.Ne4 
Bxe4 23.Bxe4 Bf8 24.Rae1 d5 25.Bg2 Bd6 26.c3 Nbd3 27.Re2 Qc4 28.Bg1 Rbd8 
29.Rc2 Qxa4 30.Bxd5 Bc5 31.fxg6 hxg6 32.Bxf7+ Nxf7 33.Qxd3 Ne5 34.Qe4 Qc4 
35.Rf6 Qd5 36.Qxd5+ Rxd5 37.Re2 a5 1-0

[Event "35th USA-Ch"]
[Site "Long Beach USA"]
[Date "1989.??.??"]
[Round "2"]
[White "Seirawan, Yasser"]
[Black "Ivanov, Igor"]
[Result "1-0"]
[WhiteElo "2585"]
[BlackElo "2505"]
[EventDate "1989.11.??"]
[PlyCount "101"]

1.d4 Nf6 2.c4 g6 3.Nc3 Bg7 4.e4 d6 5.f3 O-O 6.Be3 e5 7.d5 Nh5 8.Nge2 f5 9.
Qd2 Qh4+ 10.Bf2 Qe7 11.O-O-O Nd7 12.Kb1 Ndf6 13.h3 fxe4 14.fxe4 b5 15.cxb5
a6 16.Nc1 axb5 17.Bxb5 Nf4 18.Bc6 Rb8 19.a3 Bd7 20.Bxd7 Qxd7 21.Bh4 Nxe4 
22.Nxe4 c6 23.dxc6 Qxc6 24.Qc2 Qxc2+ 25.Kxc2 d5 26.Nc3 Rfc8 27.g3 Ng2 28.
Bg5 d4 29.Na2 e4 30.Rh2 Rb5 31.Bc1 d3+ 32.Kb1 Bxc3 33.Rxg2 Ba5 34.Be3 Rf5 
35.Rf2 Rxf2 36.Bxf2 Rc2 37.Be3 Rg2 38.b4 Bc7 39.Nc3 Be5 40.Rd2 Rxg3 41.Nd1
Rxh3 42.a4 Rh1 43.Kc1 Bd6 44.a5 Bxb4 45.a6 Rf1 46.a7 Rf8 47.Ra2 Ra8 48.Ra4
Be7 49.Nc3 h5 50.Nd5 Bd8 51.Rb4 1-0

[Event "35th USA-Ch"]
[Site "Long Beach USA"]
[Date "1989.??.??"]
[Round "3"]
[White "Browne, Walter Shawn"]
[Black "Fedorowicz, John"]
[Result "0-1"]
[WhiteElo "2555"]
[BlackElo "2560"]
[EventDate "1989.11.??"]
[PlyCount "120"]

1.d4 Nf6 2.Nf3 g6 3.c4 Bg7 4.Nc3 O-O 5.e4 d6 6.Be2 e5 7.O-O Nc6 8.d5 Ne7 
9.Nd2 a5 10.a3 Bd7 11.b3 Nc8 12.Bb2 Bh6 13.b4 axb4 14.axb4 Rxa1 15.Bxa1 
Qe7 16.Nb3 Nb6 17.c5 Na4 18.Qd3 Nxc3 19.Bxc3 Ne8 20.Na5 Bc8 21.Qb5 Qh4 22.
Bf3 f5 23.exf5 gxf5 24.Nxb7 e4 25.g3 Qe7 26.Bh5 Ng7 27.Bd1 f4 28.Qc6 Nf5 
29.Bg4 e3 30.Bxf5 Bxf5 31.cxd6 cxd6 32.Qxd6 Qxd6 33.Nxd6 Bd3 34.Rd1 Bc2 
35.Re1 f3 36.b5 e2 37.b6 Rb8 38.Nc4 Be4 39.Be5 Rf8 40.b7 Bxd5 41.b8=Q Rxb8
42.Bxb8 Bxc4 43.Bf4 Bxf4 44.gxf4 Kf7 45.h3 Kf6 46.Kh2 Kf5 47.Kg3 Bd5 48.
Ra1 Ke4 49.Kg4 Kd3 50.f5 Kd2 51.f6 e1=Q 52.Rxe1 Kxe1 53.f7 Bxf7 54.Kxf3 
Bd5+ 55.Kg3 Ke2 56.f4 Ke3 57.Kg4 Bf7 58.Kg5 h5 59.f5 Kf3 60.Kf6 Be8 0-1

[Event "35th USA-Ch"]
[Site "Long Beach USA"]
[Date "1989.??.??"]
[Round "3"]
[White "De Firmian, Nick"]
[Black "Rachels, Stuart"]
[Result "1/2-1/2"]
[WhiteElo "2595"]
[BlackElo "2385"]
[EventDate "1989.11.??"]
[PlyCount "82"]

1.e4 c5 2.Nf3 Nc6 3.d4 cxd4 4.Nxd4 Nf6 5.Nc3 d6 6.Bc4 Qb6 7.Ndb5 a6 8.Be3 
Qa5 9.Nd4 Ng4 10.Nxc6 bxc6 11.Bd2 g6 12.Qe2 Bg7 13.O-O-O O-O 14.f4 Qb6 15.
h3 Nf6 16.Bb3 Be6 17.e5 Nd5 18.exd6 exd6 19.Nxd5 Bxd5 20.Be3 Qb4 21.Qd2 
Qxd2+ 22.Rxd2 Bxb3 23.axb3 Rfe8 24.Bd4 d5 25.Bxg7 Kxg7 26.Rf2 Re4 27.Kd2 
f5 28.Ra1 a5 29.c3 c5 30.Kc2 Kf6 31.Ra4 Ke6 32.Rd2 Kd6 33.Ra1 Kc6 34.g3 h5
35.Rg1 Rd8 36.Rf2 Rf8 37.Ra1 Kb6 38.Rd1 Rd8 39.g4 hxg4 40.hxg4 fxg4 41.Rg1
Rf8 1/2-1/2

[Event "35th USA-Ch"]
[Site "Long Beach USA"]
[Date "1989.??.??"]
[Round "3"]
[White "Gulko, Boris"]
[Black "Seirawan, Yasser"]
[Result "1-0"]
[WhiteElo "2610"]
[BlackElo "2585"]
[EventDate "1989.11.??"]
[PlyCount "67"]

1.c4 e5 2.Nc3 Nf6 3.Nf3 Nc6 4.g3 d5 5.cxd5 Nxd5 6.Bg2 Nb6 7.O-O Be7 8.a3 
O-O 9.b4 Be6 10.Rb1 a6 11.d3 f6 12.Ne4 Ba2 13.Rb2 Bd5 14.Nc5 Rb8 15.e4 Bf7
16.Be3 Nd7 17.Qc2 Nxc5 18.bxc5 Qd7 19.Rfb1 b5 20.cxb6 Bxa3 21.Rb3 Bd6 22.
Rc3 Nb4 23.Rxc7 Bxc7 24.Qxc7 Qb5 25.Bh3 a5 26.Ne1 Qa6 27.Ra1 Rfd8 28.Bc5 
Nxd3 29.Rd1 Bc4 30.Nxd3 Bxd3 31.Bf1 Rbc8 32.Bxd3 Rxd3 33.Rxd3 Rxc7 34.Rd8+
1-0

[Event "35th USA-Ch"]
[Site "Long Beach USA"]
[Date "1989.??.??"]
[Round "3"]
[White "Ivanov, Alexander"]
[Black "Benjamin, Joel"]
[Result "1/2-1/2"]
[WhiteElo "2460"]
[BlackElo "2530"]
[EventDate "1989.11.??"]
[PlyCount "31"]

1.e4 c5 2.Nf3 Nc6 3.Bb5 e6 4.O-O Nge7 5.b3 Nd4 6.Nxd4 cxd4 7.Bb2 a6 8.Bd3 
Nc6 9.c3 Bc5 10.Qh5 d6 11.cxd4 Bxd4 12.Bxd4 Nxd4 13.Nc3 O-O 14.Ne2 Qb6 15.
Nxd4 Qxd4 16.Qf3 1/2-1/2

[Event "35th USA-Ch"]
[Site "Long Beach USA"]
[Date "1989.??.??"]
[Round "3"]
[White "Rohde, Michael"]
[Black "Kudrin, Sergey"]
[Result "1-0"]
[WhiteElo "2550"]
[BlackElo "2570"]
[EventDate "1989.11.??"]
[PlyCount "83"]

1.Nf3 Nf6 2.g3 b6 3.d4 Bb7 4.c4 e6 5.Bg2 Be7 6.Nc3 Ne4 7.Bd2 Bf6 8.O-O c5 
9.d5 Nxc3 10.Bxc3 Bxc3 11.bxc3 O-O 12.Qd2 Re8 13.Ng5 e5 14.f4 exf4 15.Qxf4
f6 16.Ne4 Re5 17.Qg4 Kf8 18.Rf2 d6 19.Raf1 Nd7 20.Nxd6 Rb8 21.Nxb7 Rxb7 
22.d6 h5 23.Qh3 Qc8 24.Rf5 Rb8 25.Rxh5 Rxh5 26.Qxh5 Qe8 27.Qh8+ Kf7 28.Qh7
Qe3+ 29.Kh1 Rf8 30.Qh5+ g6 31.Qh7+ Ke8 32.Bc6 Qe6 33.Qxg6+ Kd8 34.Qg7 Qf7 
35.Qg4 f5 36.Qh4+ Kc8 37.Qe7 Qxe7 38.dxe7 Re8 39.Rd1 Rxe7 40.Bxd7+ Rxd7 
41.Rxd7 Kxd7 42.Kg2 1-0

[Event "35th USA-Ch"]
[Site "Long Beach USA"]
[Date "1989.??.??"]
[Round "4"]
[White "Benjamin, Joel"]
[Black "Browne, Walter Shawn"]
[Result "1-0"]
[WhiteElo "2530"]
[BlackElo "2555"]
[EventDate "1989.11.??"]
[PlyCount "70"]

1.d4 Nf6 2.Nf3 e6 3.g3 d5 4.Bg2 Be7 5.O-O O-O 6.c4 dxc4 7.Na3 Bxa3 8.bxa3 
Nc6 9.Bb2 Rb8 10.Qc2 b5 11.Rad1 Ne7 12.e4 Bb7 13.Rfe1 Bxe4 14.Rxe4 Nxe4 
15.Qxe4 Nd5 16.h4 h6 17.Ne5 Qd6 18.Re1 Rbd8 19.Qg4 f5 20.Qe2 Rf6 21.h5 c5 
22.Bxd5 cxd4 23.Nc6 Re8 24.Bxd4 Qxd5 25.Bxf6 gxf6 26.Nb4 Qc5 27.Qd2 Kg7 
28.Qd7+ Re7 29.Qd8 e5 30.Rd1 Qc7 31.Qd5 Qb6 32.Qf3 Qe6 33.Nc2 f4 34.gxf4 
e4 35.Qg2+ Kh8 1-0

[Event "35th USA-Ch"]
[Site "Long Beach USA"]
[Date "1989.??.??"]
[Round "4"]
[White "Dlugy, Maxim"]
[Black "Ivanov, Igor"]
[Result "1/2-1/2"]
[WhiteElo "2530"]
[BlackElo "2505"]
[EventDate "1989.11.??"]
[PlyCount "89"]

1.d4 Nf6 2.c4 e6 3.Nf3 b6 4.g3 Ba6 5.Qa4 Be7 6.Bg2 O-O 7.Nc3 c6 8.Bf4 Qc8 
9.Rc1 Qb7 10.d5 cxd5 11.cxd5 b5 12.Qb3 b4 13.d6 bxc3 14.dxe7 Re8 15.Qxb7 
Bxb7 16.Rxc3 Bd5 17.b3 Nc6 18.O-O Rxe7 19.Rd1 h6 20.Bd6 Ree8 21.Ne5 Bxg2 
22.Kxg2 Ne4 23.Rc2 Nxe5 24.Bxe5 d5 25.f3 Nf6 26.Rc7 Red8 27.Bxf6 gxf6 28.
Rdc1 a5 29.R1c5 Rdb8 30.Rd7 Rc8 31.Rcc7 Rxc7 32.Rxc7 Rb8 33.Ra7 Rb5 34.g4 
d4 35.Kf2 h5 36.h3 Rc5 37.gxh5 Rc2 38.Rxa5 d3 39.Ke3 dxe2 40.Kf2 Rb2 41.
Ra4 Kg7 42.Re4 Rxa2 43.Rxe2 Ra5 44.b4 Rxh5 45.Kg3 1/2-1/2

[Event "35th USA-Ch"]
[Site "Long Beach USA"]
[Date "1989.??.??"]
[Round "4"]
[White "Kudrin, Sergey"]
[Black "Ivanov, Alexander"]
[Result "1/2-1/2"]
[WhiteElo "2570"]
[BlackElo "2460"]
[EventDate "1989.11.??"]
[PlyCount "29"]

1.e4 e5 2.Nf3 Nc6 3.Bb5 a6 4.Ba4 Nf6 5.O-O Be7 6.Re1 b5 7.Bb3 d6 8.c3 O-O 
9.h3 Bb7 10.d3 Nb8 11.Nbd2 Nbd7 12.Nf1 c5 13.Bc2 Re8 14.Ng3 Bf8 15.Bd2 
1/2-1/2

[Event "35th USA-Ch"]
[Site "Long Beach USA"]
[Date "1989.??.??"]
[Round "4"]
[White "Miles, Anthony Jonathan"]
[Black "Gulko, Boris"]
[Result "1/2-1/2"]
[WhiteElo "2580"]
[BlackElo "2610"]
[EventDate "1989.11.??"]
[PlyCount "23"]

1.c4 Nf6 2.Nc3 c5 3.g3 g6 4.Bg2 Bg7 5.a3 a5 6.Nf3 Nc6 7.d4 cxd4 8.Nxd4 
Nxd4 9.Qxd4 d6 10.Bg5 O-O 11.Qe3 Be6 12.Nd5 1/2-1/2

[Event "35th USA-Ch"]
[Site "Long Beach USA"]
[Date "1989.??.??"]
[Round "4"]
[White "Rachels, Stuart"]
[Black "Gurevich, Dmitry"]
[Result "1-0"]
[WhiteElo "2385"]
[BlackElo "2490"]
[EventDate "1989.11.??"]
[PlyCount "199"]

1.e4 d6 2.d4 Nf6 3.Nc3 g6 4.g3 Bg7 5.Bg2 O-O 6.Nge2 e5 7.h3 Nbd7 8.O-O Re8
9.Be3 exd4 10.Bxd4 a6 11.f4 c5 12.Bf2 Qc7 13.g4 Nb6 14.Qd3 Bd7 15.Rad1 Bc6
16.Qxd6 Qxd6 17.Rxd6 Nc4 18.Rxc6 bxc6 19.e5 Nd5 20.Nxd5 cxd5 21.Bxd5 Nxb2 
22.Bxa8 Rxa8 23.Rb1 Nc4 24.Bxc5 Rc8 25.Be7 h6 26.Nd4 g5 27.fxg5 hxg5 28.
Nf5 Nxe5 29.Nxg7 Kxg7 30.Rf1 Ng6 31.Bxg5 Rxc2 32.Bf6+ Kg8 33.Rf2 Rc4 34.
Kg2 Ra4 35.Bg5 Ra3 36.Bf6 Ra4 37.Bg5 Ra3 38.Re2 f6 39.Be3 f5 40.gxf5 Nh4+ 
41.Kh2 Nxf5 42.Bc1 Rc3 43.Bb2 Rc4 44.Rf2 Kh7 45.Rxf5 Rc2+ 46.Kg3 Rxb2 47.
Ra5 Rb6 48.h4 Kg6 49.h5+ Kf7 50.Kf4 Rc6 51.Ke5 Ke7 52.Kd5 Rh6 53.Kc4 Rh8 
54.Re5+ Kf6 55.Rc5 Ke7 56.Kb4 Rh6 57.Ka5 Kd6 58.Rg5 Kc7 59.a4 Kd7 60.Rg7+ 
Kc8 61.Rg5 Kd7 62.Rc5 Kd8 63.Rd5+ Ke7 64.Kb4 Ke6 65.Kc5 Ke7 66.Rg5 Kf7 67.
Kd5 Kf8 68.Re5 Kf7 69.Ke4 Rc6 70.Kf5 Rc4 71.Ra5 Rc6 72.Kg5 Kg7 73.Rd5 Rc4 
74.a5 Rc6 75.Rd7+ Kg8 76.Ra7 Rd6 77.Kf5 Rd5+ 78.Kf6 Rd6+ 79.Ke5 Rc6 80.Rd7
Rh6 81.Kf5 Rc6 82.Re7 Rc5+ 83.Re5 Rc1 84.Ke6 Kg7 85.Kd6 Kh7 86.Rc5 Rb1 87.
Kc6 Kh6 88.Rd5 Rb2 89.Rd7 Rb5 90.Rd6+ Kh7 91.Rd5 Rb1 92.Rd7+ Kh6 93.Rb7 
Ra1 94.Kb6 Kxh5 95.Kxa6 Kg6 96.Rb5 Kf7 97.Kb7 Re1 98.a6 Re7+ 99.Kb6 Re6+ 
100.Ka5 1-0

[Event "35th USA-Ch"]
[Site "Long Beach USA"]
[Date "1989.??.??"]
[Round "4"]
[White "Seirawan, Yasser"]
[Black "Rohde, Michael"]
[Result "1/2-1/2"]
[WhiteElo "2585"]
[BlackElo "2550"]
[EventDate "1989.11.??"]
[PlyCount "33"]

1.d4 Nf6 2.c4 e6 3.Nc3 Bb4 4.Qc2 O-O 5.a3 Bxc3+ 6.Qxc3 b6 7.Bg5 Bb7 8.f3 
h6 9.Bh4 d5 10.cxd5 exd5 11.e3 Re8 12.Nh3 Qe7 13.Bf2 c5 14.Bb5 Rc8 15.O-O 
cxd4 16.Qxd4 Rc5 17.Ba4 1/2-1/2

[Event "35th USA-Ch"]
[Site "Long Beach USA"]
[Date "1989.??.??"]
[Round "5"]
[White "Browne, Walter Shawn"]
[Black "Kudrin, Sergey"]
[Result "1/2-1/2"]
[WhiteElo "2555"]
[BlackElo "2570"]
[EventDate "1989.11.??"]
[PlyCount "121"]

1.d4 Nf6 2.c4 g6 3.Nc3 d5 4.cxd5 Nxd5 5.e4 Nxc3 6.bxc3 Bg7 7.Bc4 c5 8.Ne2 
Nc6 9.Be3 O-O 10.O-O Bg4 11.f3 Na5 12.Bd3 cxd4 13.cxd4 Be6 14.Qa4 a6 15.d5
b5 16.Qb4 Bxa1 17.Rxa1 Bd7 18.Qd4 f6 19.e5 fxe5 20.Qxe5 Qb8 21.Qxe7 Re8 
22.Qc5 Nb7 23.Qc1 Nd6 24.Ng3 Bf5 25.Qd2 Bxd3 26.Qxd3 Qd8 27.Bc5 Rc8 28.
Bxd6 Qb6+ 29.Kh1 Qxd6 30.Ne4 Qf4 31.g3 Qf5 32.d6 Rcd8 33.Rd1 Qf7 34.a3 Rf8
35.Kg2 Qc4 36.Qxc4+ bxc4 37.Rd4 Rc8 38.d7 Rcd8 39.Nc5 c3 40.Rc4 Rf6 41.
Rxc3 Kf7 42.Rd3 Ke7 43.Re3+ Kf7 44.Rd3 Ke7 45.Re3+ Kf7 46.f4 Rd6 47.Kf3 
Rd2 48.h3 a5 49.Nd3 Kf6 50.Ne5 R8xd7 51.Nxd7+ Rxd7 52.Ke4 Rd1 53.Rc3 Ra1 
54.g4 h6 55.Rc6+ Kf7 56.Rc7+ Kf6 57.h4 Rxa3 58.g5+ Ke6 59.Rg7 Ra4+ 60.Kf3 
Ra3+ 61.Ke4 1/2-1/2

[Event "35th USA-Ch"]
[Site "Long Beach USA"]
[Date "1989.??.??"]
[Round "5"]
[White "De Firmian, Nick"]
[Black "Benjamin, Joel"]
[Result "1/2-1/2"]
[WhiteElo "2595"]
[BlackElo "2530"]
[EventDate "1989.11.??"]
[PlyCount "41"]

1.e4 c5 2.Nf3 Nc6 3.d4 cxd4 4.Nxd4 Nf6 5.Nc3 e5 6.Ndb5 d6 7.Bg5 a6 8.Na3 
b5 9.Nd5 Be7 10.Bxf6 Bxf6 11.c3 O-O 12.Nc2 Rb8 13.Be2 Bg5 14.O-O a5 15.Qd3
Ne7 16.Nxe7+ Qxe7 17.Rfd1 Rb6 18.Ne3 Bxe3 19.Qxe3 Qc7 20.Rd5 Qb8 21.a3 
1/2-1/2

[Event "35th USA-Ch"]
[Site "Long Beach USA"]
[Date "1989.??.??"]
[Round "5"]
[White "Gulko, Boris"]
[Black "Ivanov, Igor"]
[Result "1/2-1/2"]
[WhiteElo "2610"]
[BlackElo "2505"]
[EventDate "1989.11.??"]
[PlyCount "59"]

1.d4 Nf6 2.c4 e6 3.Nc3 Bb4 4.Qc2 O-O 5.a3 Bxc3+ 6.Qxc3 b6 7.Bg5 Bb7 8.f3 
c5 9.dxc5 bxc5 10.Nh3 h6 11.Bh4 Nc6 12.O-O-O e5 13.e3 Rb8 14.Bd3 Ba6 15.
Nf2 g5 16.Bg3 Qb6 17.Ne4 Nxe4 18.Bxe4 Nd4 19.exd4 cxd4 20.c5 Qe6 21.Qc2 
Rfc8 22.Rhe1 d6 23.Bf5 Qa2 24.Bxc8 Rxc8 25.c6 Bb5 26.c7 d3 27.Qc3 Rxc7 28.
Qxc7 Qa1+ 29.Kd2 Qxb2+ 30.Ke3 1/2-1/2

[Event "35th USA-Ch"]
[Site "Long Beach USA"]
[Date "1989.??.??"]
[Round "5"]
[White "Gurevich, Dmitry"]
[Black "Fedorowicz, John"]
[Result "1-0"]
[WhiteElo "2490"]
[BlackElo "2560"]
[EventDate "1989.11.??"]
[PlyCount "93"]

1.Nf3 Nf6 2.c4 g6 3.Nc3 Bg7 4.e4 d6 5.d4 O-O 6.Be2 e5 7.Be3 Ng4 8.Bg5 f6 
9.Bc1 Nc6 10.O-O Nh6 11.dxe5 dxe5 12.c5 Be6 13.Qa4 Kh8 14.Bb5 Bd7 15.Rd1 
Qc8 16.Qa3 Bg4 17.Bxc6 bxc6 18.Ne2 Nf7 19.h3 Be6 20.Qa4 Qb7 21.b3 a5 22.
Bd2 Qa6 23.Nc3 Rfb8 24.Qa3 f5 25.exf5 gxf5 26.Ng5 Nxg5 27.Bxg5 h6 28.Bd2 
f4 29.Qc1 Bf5 30.Re1 Rg8 31.Ne4 Rae8 32.f3 Re6 33.Nf2 Rg6 34.Bc3 Kh7 35.
Ng4 Qd3 36.Qb2 h5 37.Rad1 Qb5 38.Nxe5 Qxc5+ 39.Kh1 Rg3 40.Bd4 Qb5 41.a4 
Qb7 42.Ng4 hxg4 43.hxg4 Bxg4 44.Qc2+ Kh6 45.fxg4 Qc8 46.Qxc6+ Kh7 47.Qe4+ 
1-0